<?xml version="1.0" encoding="UTF-8"?>
<collection xmlns="http://www.loc.gov/MARC21/slim">
 <record>
  <leader>01465nam a2200217 a 4500</leader>
  <controlfield tag="001">1/53148</controlfield>
  <controlfield tag="008">210813s2006    gr            000 | gre d</controlfield>
  <datafield tag="020" ind1=" " ind2=" ">
   <subfield code="a">9608616824</subfield>
  </datafield>
  <datafield tag="040" ind1=" " ind2=" ">
   <subfield code="a">GR-PeUP</subfield>
  </datafield>
  <datafield tag="082" ind1="0" ind2="0">
   <subfield code="a">027.709495 ΠΑΝ</subfield>
  </datafield>
  <datafield tag="111" ind1="2" ind2=" ">
   <subfield code="a">Πανελλήνιο Συνέδριο Ακαδημαϊκών Βιβλιοθηκών</subfield>
   <subfield code="n">(15ο</subfield>
   <subfield code="d">2006:</subfield>
   <subfield code="c">Πάτρα, Ελλάδα)</subfield>
  </datafield>
  <datafield tag="245" ind1="0" ind2="0">
   <subfield code="a">Ακαδημαϊκές Βιβλιοθήκες και κοινωνίες των πολιτών : </subfield>
   <subfield code="b">δημιουργώντας δεσμούς γνώσης, δημοκρατίας και πολιτισμού στο ψηφιακό περιβάλλον: πρακτικά 15ου Πανελλήνιου Συνεδρίου Ακαδημαϊκών Βιβλιοθηκών, Πανεπιστήμιο Πατρών 1-3 Νοεμβρίου 2006 /</subfield>
   <subfield code="c">επιμέλεια Γιάννης Τσάκωνας.</subfield>
  </datafield>
  <datafield tag="260" ind1=" " ind2=" ">
   <subfield code="a">Πάτρα : </subfield>
   <subfield code="b">Βιβλιοθήκη &amp; Υπηρεσία Πληροφόρησης,</subfield>
   <subfield code="c">2006.</subfield>
  </datafield>
  <datafield tag="300" ind1=" " ind2=" ">
   <subfield code="a">459 σ. ; </subfield>
   <subfield code="c">24 εκ.</subfield>
  </datafield>
  <datafield tag="500" ind1=" " ind2=" ">
   <subfield code="a">Ελληνικό και αγγλικό κείμενο.</subfield>
  </datafield>
  <datafield tag="500" ind1=" " ind2=" ">
   <subfield code="a">Περιλαμβάνει ευρετήριο.</subfield>
  </datafield>
  <datafield tag="650" ind1=" " ind2="0">
   <subfield code="a">Academic libraries</subfield>
   <subfield code="z">Greece</subfield>
   <subfield code="x">Congesses.</subfield>
  </datafield>
  <datafield tag="650" ind1=" " ind2="4">
   <subfield code="a">Ακαδημαϊκές βιβλιοθήκες</subfield>
   <subfield code="z">Ελλάδα</subfield>
   <subfield code="x">Συνέδρια.</subfield>
  </datafield>
  <datafield tag="700" ind1="1" ind2=" ">
   <subfield code="a">Τσάκωνας, Γιάννης.</subfield>
  </datafield>
  <datafield tag="852" ind1=" " ind2=" ">
   <subfield code="a">INST</subfield>
   <subfield code="b">UNIPILB</subfield>
   <subfield code="c">MAIN</subfield>
   <subfield code="e">20210813</subfield>
   <subfield code="h">027.709495 ΠΑΝ</subfield>
   <subfield code="p">00184341</subfield>
   <subfield code="q">00184341</subfield>
   <subfield code="t">LOAN</subfield>
   <subfield code="y">0</subfield>
   <subfield code="4">1</subfield>
  </datafield>
  <datafield tag="960" ind1=" " ind2=" ">
   <subfield code="a">ΑΛΜΠΑΝΗ ΤΑΝΙΑ</subfield>
  </datafield>
 </record>
</collection>
